Procesos judiciales derivados del derecho sucesorio (Registro nro. 21691)
[ vista simple ]
| 000 -Cabecera | |
|---|---|
| Campo de control interno | 00806nam a2200277Ia 4500 |
| 005 - Fecha y hora del registro | |
| control field | 20260320113304.0 |
| 008 - Elementos de Longitud Fija | |
| fixed length control field | 260320s9999||||xx |||||||||||||| ||und|| |
| 020 ## - ISBN | |
| ISBN | 9786123330972 |
| 041 ## - Idioma | |
| Codigo Idioma | ESP |
| 082 ## - DEWEY y NOTACIÓN INTERNA | |
| Dewey | 346.3 |
| Notación Interna | D84 |
| 100 ## - AUTOR | |
| Autor denominación | |
| Término de relación | |
| 110 ## - AUTOR INSTTITUCIONAL | |
| Autor Institucional | División de Estudios Jurídicos de Gaceta Jurídica |
| 245 #0 - TÍTULO DE MATERIAL BIBLIOGRÁFICO | |
| Título | Procesos judiciales derivados del derecho sucesorio |
| Título paralelo | |
| 246 ## - TÍTULO TRADUCIDO | |
| Título | |
| Título paralelo | |
| Autor | |
| 250 ## - EDICIÓN | |
| Edición | Primera edición |
| 260 ## - CIUDAD, EDITORIAL, AÑO | |
| Ciudad | Lima : |
| Nombre de la Editorial | Gaceta Jurídica |
| Año | 2024 |
| 300 ## - DESCRIPCIÓN | |
| N° Páginas | 654 páginas : |
| Otros detalles | |
| Dimensiones | 25 cm. |
| Material Adicional | |
| 440 ## - MENCIÓN DE SERIE | |
| Título de la Serie | |
| Número de Serie | |
| Volumen de Serie | |
| 650 ## - TEMAS | |
| Temas | Ciencias Sociales |
| 653 ## - DESCRIPTORES | |
| Lenguajes no controlado | Derecho; Derecho civil; Derecho de sucesiones |
| 654 ## - PROGRAMAS | |
| Programa | |
| 700 ## - OTROS AUTORES | |
| Otros autores | |
| Títulos y otras palabras asociadas con el nombre | |
| 856 ## - URL - UBICACIÓN | |
| URI/URL: Enlace exacto del recurso | <a href="https://app-vlex-com.ucsp.lookproxy.com/">https://app-vlex-com.ucsp.lookproxy.com/</a> |
| Nota pública: Versión digital | <a href="Véase además: Base de datos Vlex">Véase además: Base de datos Vlex</a> |
| 942 ## - ELEMENTOS DE KOHA | |
| Tipo de documento | Libro |
| Nombre del creador | Justo Noguera |
| Código de catalogador | Mirtha Ponce |
| Esquema de clasificación | Dewey Decimal Classification |
| Suppress in OPAC | |
| Codigo completo | Registro | Colección | Copia número | Disponibilidad | Tipo de préstamo | Biblioteca Actual | Procedencia (Biblioteca) | Ubicacón | Fecha Ingreso | Tipo de Adquisición | Observación | Date last seen | Total checkouts | Price effective from | Tipo de Item | Estado del Material | Fuente de Clasificación | Damaged status | Withdrawn status |
|---|---|---|---|---|---|---|---|---|---|---|---|---|---|---|---|---|---|---|---|
| 346.3 D84 | 1085238 | Universidad Católica San Pablo | 1 | Disponible | Disponible | Víctor Andrés Belaunde | Víctor Andrés Belaunde | Primer piso | 10/03/2026 | Suscripción | Derecho | 20/03/2026 | 20/03/2026 | Libro | Bueno | Dewey Decimal Classification |




